| 000 | 00517nam a22001817a 4500 | ||
|---|---|---|---|
| 005 | 20251108164051.0 | ||
| 008 | 250721s1994 xx 000 0 ara d | ||
| 082 | 1 | 4 | _a153.8/قوة |
| 245 | 1 | 0 | _aقوة الإرادة / |
| 250 | _aط5 .، منقحة و و مزيدة | ||
| 264 | 1 |
_aبيروت : _bدار الآفاق الجديدة، _c1994. |
|
| 300 | _a123ص | ||
| 490 | 0 | _aالسيكولوجية المبسطة | |
| 650 | 1 | 7 | _aعلم النفس |
| 650 | 1 | 7 | _aالإرادة |
| 942 |
_2ddc _cBK |
||
| 999 |
_c2793 _d2793 |
||